000 00301 a2200133 4500
000 nam a22 7a 4500
100 _a A. Vajpayee
110 _a A. Vajpayee
245 _aAdministrative Thinkers
250 _alatest edition
260 _bYking
_c2024
264 _bYking
_c2024
942 _cBK
999 _c394526
_d394526